[Event "DEM U12 2012"]
[Site "Oberhof GER"]
[Date "2012.06.02"]
[Round "11"]
[White "Schirra, Maurice"]
[Black "Simon, Tessa"]
[Result "1-0"]
[Termination "normal"]
[Board "27"]
[WhiteElo "1617"]
[BlackElo "1438"]
[PlyCount "63"]
[WhiteFideId "12941115"]
[BlackFideId "12929395"]
[EventCountry "GER"]
[EventRounds "11"]
[EventType "swiss"]
[EventDate "2012.05.26"]

1. e4 c5 2. Nc3 Nc6 3. Bb5 g6 4. Bxc6 bxc6 5. f4 Bg7 6. d3 d6 7. Nf3 f6 8. Nh4
Nh6 9. O-O O-O 10. f5 g5 11. Nf3 Nf7 12. g4 Bd7 13. Qe1 Rb8 14. h4 h6 15. Qg3
Qc7 16. Kg2 e6 17. b3 exf5 18. exf5 Rfe8 19. Ne4 Rf8 20. Nxc5 Ne5 21. Nxd7 Nxd7
22. Ba3 c5 23. c4 Rfe8 24. Rfe1 Kf7 25. d4 gxh4 26. Qxh4 Qa5 27. Bb2 cxd4 28.
Bxd4 a6 29. Qg3 Rxe1 30. Qxe1 Qa3 31. Qe6+ Kf8 32. Qxd7 1-0

[Event "DEM U12 2012"]
[Site "Oberhof GER"]
[Date "2012.06.02"]
[Round "11"]
[White "Kuhn, Magnus"]
[Black "Ott, Josef Sebastian"]
[Result "1-0"]
[Termination "normal"]
[Board "28"]
[WhiteElo "1658"]
[BlackElo "1478"]
[PlyCount "107"]
[WhiteFideId "12926345"]
[BlackFideId "12952079"]
[EventCountry "GER"]
[EventRounds "11"]
[EventType "swiss"]
[EventDate "2012.05.26"]

1. e4 e5 2. Nf3 Nc6 3. Bc4 Bc5 4. c3 Nf6 5. d4 exd4 6. e5 d5 7. Bb5 Ne4 8. cxd4
Bb4+ 9. Bd2 Nxd2 10. Bxc6+ bxc6 11. Nbxd2 a5 12. Rc1 Ra6 13. a3 Be7 14. Nb3 Bg4
15. O-O O-O 16. Qd3 Qa8 17. Nc5 Rb6 18. Na4 Ra6 19. Rc3 Bb4 20. axb4 axb4 21.
Nc5 Bxf3 22. gxf3 bxc3 23. Qxa6 Qxa6 24. Nxa6 cxb2 25. Rb1 Ra8 26. Rxb2 g6 27.
Rb8+ Rxb8 28. Nxb8 f6 29. Nxc6 fxe5 30. Nxe5 Kf8 31. Kg2 Ke7 32. f4 Ke6 33. Kg3
Kf5 34. f3 Kf6 35. Kg4 h6 36. Nd3 Ke6 37. Nb4 Kd6 38. h4 c5 39. dxc5+ Kxc5 40.
Nxd5 Kxd5 41. f5 gxf5+ 42. Kxf5 Kd6 43. Kf6 Kd7 44. f4 Ke8 45. f5 Kf8 46. h5
Kg8 47. Ke7 Kg7 48. f6+ Kh8 49. f7 Kh7 50. f8=R Kg7 51. Rf7+ Kg8 52. Kf6 Kh8
53. Kg6 Kg8 54. Rf6 1-0

[Event "DEM U12 2012"]
[Site "Oberhof GER"]
[Date "2012.06.02"]
[Round "11"]
[White "Hesse, Henrik"]
[Black "Müller, Elias"]
[Result "1-0"]
[Termination "normal"]
[Board "29"]
[WhiteElo "1489"]
[BlackElo "1703"]
[PlyCount "77"]
[WhiteFideId "12952060"]
[BlackFideId "12917133"]
[EventCountry "GER"]
[EventRounds "11"]
[EventType "swiss"]
[EventDate "2012.05.26"]

1. e4 e5 2. Nf3 Nc6 3. Bc4 Bc5 4. d3 Nf6 5. c3 O-O 6. O-O a6 7. Nbd2 d6 8. Bb3
Bg4 9. Re1 Re8 10. Nf1 d5 11. h3 Bh5 12. Ng3 dxe4 13. Nxh5 exf3 14. Qxf3 Be7
15. Bg5 Nxh5 16. Qxf7+ Kh8 17. Bxe7 Rxe7 18. Qxh5 Qxd3 19. Rad1 Qb5 20. Qf5
Rae8 21. Bc2 e4 22. Qxb5 axb5 23. Rd5 Na7 24. Rxe4 g6 25. Rxe7 Rxe7 26. Kf1 Kg7
27. f3 Kf6 28. Kf2 c6 29. Rd4 Nc8 30. Rf4+ Kg7 31. Re4 Rd7 32. Rd4 Re7 33. Bb3
Nb6 34. g4 Kf6 35. h4 h6 36. f4 Kg7 37. Rd6 Kh7 38. Bc2 Rg7 39. h5 1-0

[Event "DEM U12 2012"]
[Site "Oberhof GER"]
[Date "2012.06.02"]
[Round "11"]
[White "Dallinger, Moritz"]
[Black "Du, Katharina"]
[Result "1-0"]
[Termination "normal"]
[Board "30"]
[WhiteElo "1547"]
[BlackElo "1275"]
[PlyCount "127"]
[WhiteFideId "12910864"]
[BlackFideId "12945757"]
[EventCountry "GER"]
[EventRounds "11"]
[EventType "swiss"]
[EventDate "2012.05.26"]

1. e4 c5 2. Nf3 Nc6 3. d4 cxd4 4. Nxd4 g6 5. Nc3 Bg7 6. Be3 Nf6 7. f4 Qa5 8.
Qd2 Qb4 9. O-O-O Ng4 10. e5 Nxe3 11. Qxe3 Nxd4 12. Qxd4 Qxd4 13. Rxd4 d6 14.
Bb5+ Kf8 15. Re1 a6 16. Ba4 b5 17. Bb3 Bb7 18. Bd5 Bxd5 19. Rxd5 dxe5 20. fxe5
Ke8 21. Red1 f6 22. exf6 Bxf6 23. Ne4 Rf8 24. Nc5 Kf7 25. Rf1 Kg7 26. Ne6+ Kg8
27. Nxf8 Rxf8 28. Kb1 Rb8 29. Rfd1 Kf7 30. Rd8 Rb6 31. Ra8 Re6 32. Rad8 Re2 33.
R8d2 Re6 34. a3 Rb6 35. Rf1 Kg7 36. g3 Rc6 37. h4 Rc7 38. Re2 Rc6 39. Rd1 Kf7
40. Rd7 Rb6 41. Ra7 Rd6 42. Rf2 Kg7 43. Rf3 h5 44. Rd3 Re6 45. Ka2 Re2 46. Kb3
Re6 47. c3 Rc6 48. a4 bxa4+ 49. Kxa4 Rb6 50. b4 Kf7 51. c4 Re6 52. Ka5 Re4 53.
c5 Rc4 54. Rxa6 Bc3 55. Rb6 Be5 56. Kb5 Rc1 57. c6 Bd6 58. Rb7 Ke8 59. Rb3 Kd8
60. Rf3 Ke8 61. Kb6 Rb1 62. b5 Rc1 63. c7 Kd7 64. c8=Q+ 1-0

[Event "DEM U12 2012"]
[Site "Oberhof GER"]
[Date "2012.06.02"]
[Round "11"]
[White "Wiesner, Alexander"]
[Black "Walker, Julia"]
[Result "0-1"]
[Termination "normal"]
[Board "31"]
[WhiteElo "1474"]
[BlackElo "1370"]
[PlyCount "66"]
[WhiteFideId "12943991"]
[BlackFideId "1271852"]
[EventCountry "GER"]
[EventRounds "11"]
[EventType "swiss"]
[EventDate "2012.05.26"]

1. e4 e5 2. Nf3 Nc6 3. d4 exd4 4. Nxd4 Bc5 5. Be3 Qf6 6. c3 Nge7 7. Bc4 Ne5 8.
Be2 Qg6 9. O-O d6 10. f4 N5c6 11. f5 Qf6 12. Qd2 h6 13. Nb5 O-O 14. Nxc7 Rb8
15. Nb5 Re8 16. Nd4 d5 17. Bf3 dxe4 18. Bxe4 Ne5 19. Qc2 Ng4 20. Bf2 Qe5 21.
Nf3 Bxf2+ 22. Rxf2 Qc5 23. Nd4 Nxf2 24. Qxf2 Qe5 25. Nd2 Bd7 26. Re1 Qd6 27.
Qf3 Nc6 28. N4b3 Qf6 29. Rf1 Ne5 30. Qf2 Bb5 31. Rd1 Qb6 32. Qxb6 axb6 33. h3
Bc6 0-1

[Event "DEM U12 2012"]
[Site "Oberhof GER"]
[Date "2012.06.02"]
[Round "11"]
[White "Wallat, Jessica"]
[Black "Köhler, Inken"]
[Result "1-0"]
[Termination "normal"]
[Board "32"]
[WhiteElo "1596"]
[BlackElo "1459"]
[PlyCount "75"]
[WhiteFideId "12909637"]
[BlackFideId "12929301"]
[EventCountry "GER"]
[EventRounds "11"]
[EventType "swiss"]
[EventDate "2012.05.26"]

1. e4 d6 2. d4 Nf6 3. Nc3 g6 4. g3 Bg7 5. Bg2 O-O 6. h3 e5 7. Nf3 exd4 8. Nxd4
Re8 9. O-O Nbd7 10. Re1 Nc5 11. Kh2 Ne6 12. Nxe6 fxe6 13. Bg5 e5 14. Qd2 Bd7
15. Nd5 c6 16. Nc3 Re6 17. Bf3 Qf8 18. Be2 b5 19. a4 a6 20. axb5 axb5 21. Bd3
h6 22. Rxa8 Qxa8 23. Bxh6 Bxh6 24. Qxh6 Kf7 25. Qd2 Qh8 26. Kg2 Re8 27. Rh1 Rg8
28. Be2 b4 29. Na2 Nxe4 30. Qxb4 Nc5 31. Bc4+ Be6 32. Bxe6+ Kxe6 33. Rd1 Rb8
34. Qg4+ Kf7 35. Rxd6 Rxb2 36. Qxg6+ Ke7 37. Rxc6 Qa8 38. Qg7+ 1-0

[Event "DEM U12 2012"]
[Site "Oberhof GER"]
[Date "2012.06.02"]
[Round "11"]
[White "Ley, Sabrina"]
[Black "Heldt, Nils-Lennart"]
[Result "1-0"]
[Termination "normal"]
[Board "33"]
[WhiteElo "1334"]
[BlackElo "1408"]
[PlyCount "24"]
[WhiteFideId "12938130"]
[BlackFideId "12952109"]
[EventCountry "GER"]
[EventRounds "11"]
[EventType "swiss"]
[EventDate "2012.05.26"]

1. e4 e6 2. d4 d5 3. Nc3 dxe4 4. Nxe4 Nd7 5. Nf3 Ngf6 6. Bg5 Be7 7. Nxf6+ Nxf6
8. Bd3 O-O 9. Qe2 b6 10. Bxf6 Bxf6 11. Qe4 g6 12. Qxa8 Qd6 1-0

[Event "DEM U12 2012"]
[Site "Oberhof GER"]
[Date "2012.06.02"]
[Round "11"]
[White "Özkan, Afet-Ekin"]
[Black "Nguyen, Ha Thanh"]
[Result "0-1"]
[Termination "normal"]
[Board "34"]
[WhiteElo "1406"]
[BlackElo "1199"]
[PlyCount "56"]
[WhiteFideId "12952117"]
[BlackFideId "12942154"]
[EventCountry "GER"]
[EventRounds "11"]
[EventType "swiss"]
[EventDate "2012.05.26"]

1. d4 f5 2. Nf3 e6 3. c4 d5 4. Nc3 Nf6 5. g3 c6 6. Bg2 Bd6 7. O-O O-O 8. b3
Nbd7 9. Bb2 Qe8 10. Re1 Ne4 11. Qc2 Ndf6 12. Rac1 Ng4 13. Nd1 Qh5 14. h3 Ngf6
15. cxd5 cxd5 16. Ne3 Bd7 17. Ne5 Bb5 18. g4 fxg4 19. hxg4 Qh4 20. Rf1 Bxe5 21.
dxe5 Nxg4 22. Nxg4 h5 23. Bxe4 dxe4 24. Ne3 Qg5+ 25. Ng2 h4 26. Kh1 e3 27. Nxe3
Bc6+ 28. Kh2 Rxf2+ 0-1

[Event "DEM U12 2012"]
[Site "Oberhof GER"]
[Date "2012.06.02"]
[Round "11"]
[White "Fromm, Katja"]
[Black "Sauer, Annika"]
[Result "1/2-1/2"]
[Termination "normal"]
[Board "35"]
[WhiteElo "1367"]
[BlackElo "1501"]
[PlyCount "80"]
[WhiteFideId "12929409"]
[BlackFideId "12952052"]
[EventCountry "GER"]
[EventRounds "11"]
[EventType "swiss"]
[EventDate "2012.05.26"]

1. d4 d5 2. c4 e6 3. Nc3 Nf6 4. Bg5 Nbd7 5. e3 c6 6. Nf3 Qa5 7. Bxf6 Nxf6 8. c5
b6 9. Qa4 Qxa4 10. Nxa4 bxc5 11. Nxc5 Bxc5 12. dxc5 O-O 13. a3 a5 14. Bd3 Rb8
15. Rb1 Bd7 16. O-O Rfe8 17. Ne5 Rb7 18. b4 axb4 19. Rxb4 Rxb4 20. axb4 Rb8 21.
Rb1 Be8 22. h3 g6 23. f4 Kg7 24. g4 h5 25. Kg2 hxg4 26. hxg4 Nh7 27. Kg3 f6 28.
Nf3 Nf8 29. g5 Nd7 30. gxf6+ Kxf6 31. Nd4 Nf8 32. b5 cxb5 33. Nxb5 Bxb5 34.
Rxb5 Rxb5 35. Bxb5 Ke7 36. Kg4 Nd7 37. Bxd7 Kxd7 38. Kg5 Kc6 39. Kf6 Kxc5 40.
Kxe6 d4 1/2-1/2

[Event "DEM U12 2012"]
[Site "Oberhof GER"]
[Date "2012.06.02"]
[Round "11"]
[White "Usczeck, Alina"]
[Black "Reimers, Kim"]
[Result "0-1"]
[Termination "normal"]
[Board "36"]
[WhiteElo "1255"]
[BlackElo "1473"]
[PlyCount "100"]
[WhiteFideId "12938114"]
[BlackFideId "12930377"]
[EventCountry "GER"]
[EventRounds "11"]
[EventType "swiss"]
[EventDate "2012.05.26"]

1. e4 e6 2. d4 d5 3. exd5 exd5 4. Bd3 Bd6 5. c3 Ne7 6. Ne2 O-O 7. Bf4 Bf5 8.
O-O c6 9. Re1 Re8 10. Bxd6 Qxd6 11. Na3 Bxd3 12. Qxd3 Nd7 13. Nc2 Ng6 14. Ne3
Nf6 15. Rad1 Rad8 16. Kh1 Ne4 17. Kg1 Qf6 18. f3 Nd6 19. Rd2 Re7 20. Ng3 Rde8
21. Rdd1 Qf4 22. Nc2 Rxe1+ 23. Nxe1 Nc4 24. Qc2 Ne3 25. Qe2 Kf8 26. Rb1 Nc4 27.
Qc2 Qe3+ 28. Qf2 Qxf2+ 29. Kxf2 Nf4 30. h3 b6 31. b3 Nd6 32. Rb2 Rxe1 33. Kxe1
Nd3+ 34. Kd2 Nxb2 35. Kc2 Nbc4 36. bxc4 Nxc4 37. Nf1 Ke7 38. Kd3 Kd6 39. Ng3 g6
40. Ne2 c5 41. g3 a6 42. f4 Kc6 43. Kc2 cxd4 44. Nxd4+ Kc5 45. Kd3 Nd6 46. h4
Nf5 47. Ne2 b5 48. Kd2 Kc4 49. Kc1 Kd3 50. Kd1 Nd6 0-1

[Event "DEM U12 2012"]
[Site "Oberhof GER"]
[Date "2012.06.02"]
[Round "11"]
[White "Steffens, Oliver"]
[Black "Wachsmann, Dietmar"]
[Result "1/2-1/2"]
[Termination "normal"]
[Board "38"]
[WhiteElo "1262"]
[BlackElo "1405"]
[PlyCount "62"]
[WhiteFideId "12947148"]
[BlackFideId "12917168"]
[EventCountry "GER"]
[EventRounds "11"]
[EventType "swiss"]
[EventDate "2012.05.26"]

1. d4 Nf6 2. g3 g6 3. Bg2 Bg7 4. e4 d6 5. Nc3 O-O 6. h3 c5 7. Be3 cxd4 8. Bxd4
Nc6 9. Be3 e6 10. Nge2 d5 11. exd5 exd5 12. O-O Be6 13. Nd4 Nxd4 14. Bxd4 Qd7
15. Kh2 Rfc8 16. Bxf6 Bxf6 17. Nxd5 Bxd5 18. Bxd5 Rc5 19. Be4 Qe7 20. Re1 Re5
21. f3 Rd8 22. Bd3 Qc5 23. Qd2 Rxe1 24. Qxe1 Bxb2 25. Rb1 Bc3 26. Qg1 Qxg1+ 27.
Kxg1 b6 28. Rb3 Bd4+ 29. Kf1 Re8 30. Rb4 Bc5 31. Re4 Rxe4 1/2-1/2

[Event "DEM U12 2012"]
[Site "Oberhof GER"]
[Date "2012.06.02"]
[Round "11"]
[White "Killgus, Leonard"]
[Black "Schluckner, Paul-Leopold"]
[Result "1-0"]
[Termination "normal"]
[Board "39"]
[WhiteElo "1374"]
[BlackElo "1110"]
[PlyCount "89"]
[WhiteFideId "12922021"]
[BlackFideId "12952168"]
[EventCountry "GER"]
[EventRounds "11"]
[EventType "swiss"]
[EventDate "2012.05.26"]

1. e4 e5 2. Nf3 Nc6 3. Bc4 Bc5 4. b4 Bb6 5. a4 a6 6. O-O d6 7. b5 axb5 8. Bxb5
Bd7 9. c3 Nce7 10. Bxd7+ Qxd7 11. d4 f6 12. Re1 Ng6 13. Re2 N8e7 14. Rea2 Ba5
15. Qb3 Qc6 16. d5 Qa6 17. c4 O-O 18. Na3 c5 19. Rb1 Rfb8 20. Nb5 Kf8 21. Bd2
Bd8 22. Qd1 Ng8 23. g3 Nh6 24. h4 Nf7 25. Qe2 Qb6 26. h5 Ngh8 27. Nh4 Be7 28.
f4 Qd8 29. a5 b6 30. a6 Qd7 31. Rba1 Rc8 32. Kg2 Nh6 33. fxe5 dxe5 34. Bxh6
gxh6 35. Qd2 Nf7 36. Nf5 Bd6 37. Nfxd6 Nxd6 38. Qxh6+ Kf7 39. Qxh7+ Ke8 40.
Qg8+ Ke7 41. Qh7+ Kf8 42. Qxd7 Rd8 43. Qxd8+ Rxd8 44. Nxd6 Rxd6 45. a7 1-0

[Event "DEM U12 2012"]
[Site "Oberhof GER"]
[Date "2012.06.02"]
[Round "11"]
[White "Edelmann, Jonas"]
[Black "Lohrmann, Tabea"]
[Result "0-1"]
[Termination "normal"]
[Board "40"]
[WhiteElo "1289"]
[BlackElo "1339"]
[PlyCount "48"]
[BlackFideId "12911941"]
[EventCountry "GER"]
[EventRounds "11"]
[EventType "swiss"]
[EventDate "2012.05.26"]

1. e4 e5 2. Nf3 Nc6 3. Nc3 Nf6 4. d4 exd4 5. Nxd4 Bc5 6. Be3 Bb6 7. Bc4 d6 8.
O-O O-O 9. Nxc6 bxc6 10. Bg5 Re8 11. Re1 Be6 12. Bxe6 fxe6 13. Qf3 Rf8 14. Qh3
Qe8 15. Rad1 Qg6 16. Qxe6+ Kh8 17. Qf5 Bxf2+ 18. Qxf2 Qxg5 19. Rf1 Kg8 20. Qd4
Ng4 21. Rde1 Rxf1+ 22. Rxf1 Rf8 23. Rxf8+ Kxf8 24. Qd1 Qe3+ 0-1

[Event "DEM U12 2012"]
[Site "Oberhof GER"]
[Date "2012.06.02"]
[Round "11"]
[White "Lai Hop, Long"]
[Black "Kolchugina, Lada"]
[Result "1-0"]
[Termination "normal"]
[Board "41"]
[WhiteElo "1331"]
[BlackElo "1074"]
[PlyCount "121"]
[WhiteFideId "12942707"]
[BlackFideId "12929743"]
[EventCountry "GER"]
[EventRounds "11"]
[EventType "swiss"]
[EventDate "2012.05.26"]

1. e4 e5 2. Nf3 Nc6 3. Bb5 Nf6 4. d3 d6 5. c3 a6 6. Ba4 b5 7. Bc2 Be7 8. Nbd2
O-O 9. Nf1 Be6 10. Ng3 h6 11. h3 d5 12. O-O Re8 13. Re1 b4 14. Qe2 d4 15. cxb4
Bxb4 16. Bd2 Rb8 17. Ba4 Bd7 18. Rac1 Bxd2 19. Qxd2 Nb4 20. Bxd7 Qxd7 21. a3
Nc6 22. Qc2 Rb6 23. Nf5 Nh5 24. Qd2 Re6 25. Rc5 Nf4 26. b4 Ne7 27. Nxe7+ Qxe7
28. Rec1 Rg6 29. Rxe5 Rxg2+ 30. Kf1 Qf6 31. Rf5 Qg6 32. Qxf4 a5 33. Rxf7 Qxf7
34. Qxf7+ Kxf7 35. Kxg2 axb4 36. axb4 Rxb4 37. Rxc7+ Kf6 38. e5+ Kf5 39. Rxg7
Rb3 40. Nxd4+ Kxe5 41. Nxb3 h5 42. d4+ Ke4 43. Rg5 h4 44. Re5+ Kf4 45. Rf5+ Ke4
46. d5 Kxf5 47. Kf3 Ke5 48. Kg4 Kxd5 49. f4 Ke6 50. Kg5 Ke7 51. Kg6 Kf8 52. Kf6
Kg8 53. Ke7 Kh7 54. f5 Kh6 55. f6 Kg6 56. f7 Kh7 57. f8=Q Kg6 58. Qf4 Kh5 59.
Qg4+ Kh6 60. Kf7 Kh7 61. Qh5# 1-0

[Event "DEM U12 2012"]
[Site "Oberhof GER"]
[Date "2012.06.02"]
[Round "11"]
[White "Cejda, Cecilia"]
[Black "Schamber, Dennis"]
[Result "1-0"]
[Termination "normal"]
[Board "42"]
[WhiteElo "1330"]
[BlackElo "1108"]
[PlyCount "49"]
[WhiteFideId "12921122"]
[BlackFideId "12952176"]
[EventCountry "GER"]
[EventRounds "11"]
[EventType "swiss"]
[EventDate "2012.05.26"]

1. e4 c5 2. Nf3 Nc6 3. d4 cxd4 4. Nxd4 e5 5. Nf3 Nf6 6. Bc4 h6 7. Nc3 Bb4 8.
Bd2 O-O 9. O-O d6 10. h3 Bxc3 11. Bxc3 Nxe4 12. Qd3 Ng5 13. Rfd1 Qf6 14. Qxd6
Nxf3+ 15. gxf3 Qxd6 16. Rxd6 Bxh3 17. Kh2 Bf5 18. Rg1 Rad8 19. Rxh6 g6 20. Rh5
Bxc2 21. Rg4 a6 22. a4 Bd3 23. Ba2 b5 24. f4 Be2 25. Rxg6# 1-0

[Event "DEM U12 2012"]
[Site "Oberhof GER"]
[Date "2012.06.02"]
[Round "11"]
[White "Gericke, Nicholas"]
[Black "Zimmer, Luca"]
[Result "1-0"]
[Termination "normal"]
[Board "43"]
[WhiteElo "1188"]
[BlackElo "1051"]
[PlyCount "57"]
[WhiteFideId "12952141"]
[BlackFideId "12921424"]
[EventCountry "GER"]
[EventRounds "11"]
[EventType "swiss"]
[EventDate "2012.05.26"]

1. c4 e6 2. Nc3 d5 3. e3 f5 4. cxd5 exd5 5. d4 Nf6 6. Nf3 Bb4 7. Bd2 Be6 8. g3
O-O 9. Bg2 Qe8 10. Ng5 Qc6 11. Nxe6 Qxe6 12. O-O Nbd7 13. Nxd5 Nxd5 14. Bxd5
Qxd5 15. Bxb4 Rf6 16. a3 a5 17. Bd2 Nf8 18. Rc1 Ne6 19. f4 Rg6 20. Qf3 Qb3 21.
Bc3 Ra7 22. e4 fxe4 23. Qxe4 b5 24. f5 Rh6 25. fxe6 Rxe6 26. Qf5 Ra8 27. Qf7+
Kh8 28. Qf8+ Rxf8 29. Rxf8# 1-0

[Event "DEM U12 2012"]
[Site "Oberhof GER"]
[Date "2012.06.02"]
[Round "11"]
[White "Kummer, Birte"]
[Black "Hacklinger, Dilan"]
[Result "1/2-1/2"]
[Termination "normal"]
[Board "44"]
[WhiteElo "963"]
[BlackElo "1151"]
[PlyCount "43"]
[WhiteFideId "12952214"]
[BlackFideId "12952150"]
[EventCountry "GER"]
[EventRounds "11"]
[EventType "swiss"]
[EventDate "2012.05.26"]

1. e4 e6 2. d4 d5 3. exd5 exd5 4. Nf3 Bd6 5. Bd3 c6 6. Be3 Nf6 7. Nbd2 O-O 8.
c3 Qb6 9. b4 Be6 10. O-O Nbd7 11. Qc2 h6 12. Rfe1 Rfe8 13. Rab1 Qc7 14. h3 b5
15. Bf5 a5 16. Bxe6 Rxe6 17. a3 axb4 18. axb4 Rae8 19. Qd3 Nb6 20. Ra1 Na4 21.
Kf1 Ne4 22. Nb1 1/2-1/2

[Event "DEM U12 2012"]
[Site "Oberhof GER"]
[Date "2012.06.02"]
[Round "11"]
[White "ter Stal, Esther"]
[Black "Möller, Hannah"]
[Result "1/2-1/2"]
[Termination "normal"]
[Board "45"]
[WhiteElo "984"]
[BlackElo "1077"]
[PlyCount "94"]
[WhiteFideId "12944467"]
[BlackFideId "1270514"]
[EventCountry "GER"]
[EventRounds "11"]
[EventType "swiss"]
[EventDate "2012.05.26"]

1. d4 Nf6 2. c4 g6 3. Nc3 Bg7 4. e4 c6 5. Nf3 d5 6. e5 Ne4 7. Be2 Nxc3 8. bxc3
Bg4 9. O-O Bxf3 10. Bxf3 dxc4 11. Qa4 b5 12. Qd1 a6 13. Ba3 O-O 14. Bc5 Nd7 15.
Bxc6 Rc8 16. Bxd7 Qxd7 17. Rb1 Bxe5 18. Re1 Bf6 19. Qe2 Rfe8 20. a4 e5 21. Qf3
Bg7 22. Red1 exd4 23. Bxd4 Qc6 24. Qxc6 Rxc6 25. Bxg7 Kxg7 26. axb5 axb5 27.
Rxb5 Rce6 28. f3 Re1+ 29. Rxe1 Rxe1+ 30. Kf2 Rc1 31. Ke3 Rxc3+ 32. Kd2 Rd3+ 33.
Kc2 Ra3 34. Rb4 Ra2+ 35. Rb2 Rxb2+ 36. Kxb2 f5 37. Kc3 g5 38. Kxc4 h5 39. Kd4
Kg6 40. Ke3 h4 41. Kf2 f4 42. g3 fxg3+ 43. hxg3 hxg3+ 44. Kxg3 Kf5 45. Kg2 Kf4
46. Kf2 g4 47. fxg4 Kxg4 1/2-1/2

[Event "DEM U12 2012"]
[Site "Oberhof GER"]
[Date "2012.06.02"]
[Round "11"]
[White "Frank, Kamila"]
[Black "Christiansen, Anna"]
[Result "1/2-1/2"]
[Termination "normal"]
[Board "46"]
[WhiteElo "932"]
[BlackElo "924"]
[PlyCount "53"]
[WhiteFideId "12952222"]
[BlackFideId "12952230"]
[EventCountry "GER"]
[EventRounds "11"]
[EventType "swiss"]
[EventDate "2012.05.26"]

1. e4 e5 2. Nf3 Nc6 3. Bc4 Bc5 4. O-O d6 5. c3 Bg4 6. d3 Nf6 7. Nbd2 Qd7 8. Re1
O-O-O 9. Nf1 Kb8 10. Ng3 d5 11. d4 dxc4 12. h3 Bh5 13. Nxe5 Bxd1 14. Nxd7+ Rxd7
15. Rxd1 a6 16. Bg5 h6 17. Bxf6 gxf6 18. dxc5 Rxd1+ 19. Rxd1 Re8 20. Rd7 Ne5
21. Rd4 Rg8 22. f4 Nd3 23. Nf5 Nc1 24. Rxc4 h5 25. a4 a5 26. Kf2 Nd3+ 27. Ke3
1/2-1/2

[Event "DEM U12 2012"]
[Site "Oberhof GER"]
[Date "2012.06.02"]
[Round "11"]
[White "Schumacher, Aaron"]
[Black "Schröder, Janina"]
[Result "0-1"]
[Termination "normal"]
[Board "47"]
[WhiteElo "1087"]
[BlackElo "1353"]
[PlyCount "42"]
[WhiteFideId "12952184"]
[BlackFideId "24693138"]
[EventCountry "GER"]
[EventRounds "11"]
[EventType "swiss"]
[EventDate "2012.05.26"]

1. d4 d5 2. Bf4 Nf6 3. e3 e6 4. c3 c5 5. Nf3 Nc6 6. Nbd2 Qb6 7. Qc2 Bd7 8. b3
Rc8 9. Bd3 cxd4 10. exd4 Nb4 11. Qb1 Rxc3 12. Ne5 Qxd4 13. g3 Nxd3+ 14. Nxd3
Qxd3 15. Qb2 Rc8 16. Bg5 Be7 17. Rd1 h6 18. Be3 a6 19. Nf3 Qe4 20. Ke2 Bb5+ 21.
Kd2 Qb4+ 0-1

[Event "DEM U12 2012"]
[Site "Oberhof GER"]
[Date "2012.06.02"]
[Round "11"]
[White "Schulz, Theresa Charlotte"]
[Black "Peters, Theresa"]
[Result "1/2-1/2"]
[Termination "normal"]
[Board "48"]
[WhiteElo "1011"]
[BlackElo "1070"]
[PlyCount "40"]
[WhiteFideId "12952206"]
[BlackFideId "12952192"]
[EventCountry "GER"]
[EventRounds "11"]
[EventType "swiss"]
[EventDate "2012.05.26"]

1. d4 Nf6 2. e3 g6 3. Bd3 Bg7 4. f4 d6 5. Nf3 O-O 6. c3 Nc6 7. O-O Re8 8. Nbd2
e5 9. fxe5 dxe5 10. Ne4 exd4 11. Nxf6+ Bxf6 12. exd4 Bg4 13. Qd2 Bg7 14. Qf4
Bxf3 15. Rxf3 Re1+ 16. Rf1 Rxf1+ 17. Qxf1 Qf6 18. Qd1 Ne7 19. Qb3 b6 20. Be4
Re8 1/2-1/2

[Event "DEM U12 2012"]
[Site "Oberhof GER"]
[Date "2012.06.02"]
[Round "11"]
[White "Friedrich, Laura"]
[Black "Riegel, Arinna"]
[Result "0-1"]
[Termination "normal"]
[Board "49"]
[WhiteElo "840"]
[BlackElo "1161"]
[PlyCount "92"]
[WhiteFideId "12952249"]
[BlackFideId "12931446"]
[EventCountry "GER"]
[EventRounds "11"]
[EventType "swiss"]
[EventDate "2012.05.26"]

1. e4 d5 2. exd5 Qxd5 3. Nc3 Qd6 4. Nf3 Nf6 5. g3 c6 6. Bg2 Bf5 7. O-O e6 8. d4
Qc7 9. Bf4 Bd6 10. Be5 Nbd7 11. Bxd6 Qxd6 12. Qd2 O-O 13. Qe3 Bxc2 14. Ne5 Nd5
15. Nxd5 cxd5 16. Rac1 Bf5 17. b4 Nxe5 18. dxe5 Qxb4 19. Rb1 Bxb1 20. a3 Qb5
21. Qc1 Bf5 22. Qe1 Bd3 23. h3 Bxf1 24. Bxf1 Qa4 25. Qe3 Rfd8 26. Qc1 d4 27.
Qd2 Qxa3 28. Bd3 Qc3 29. Qd1 a5 30. Bc2 d3 31. Ba4 d2 32. Qe2 Qc1+ 33. Kg2 d1=Q
34. Bxd1 Qxd1 35. Qa2 b5 36. g4 Qd5+ 37. Qxd5 Rxd5 38. Kf3 b4 39. Ke4 b3 40.
Ke3 b2 41. Ke2 b1=Q 42. Ke3 Qd3+ 43. Kf4 Rd4+ 44. Kg5 h6+ 45. Kh4 g5+ 46. Kh5
Qxh3# 0-1